Má hospodársky rast budúcnosť?

Normalizácia globálnych pomerov dá dôraz na stabilitu a predchádzanie rizikám. Nové pohľady na finančnú reguláciu. Presun globálnych ťažísk. Zodpovednosť za dohľad nad globálnou ekonomikou prechádza zo skupiny G-8 na skupinu G20. Význam medzinárodnej spolupráce na riešení dôsledkov krízy.

Na minha lista:
Detalhes bibliográficos
Autor principal: Spence, Michael
Formato: Capítulo de Livro
Idioma:eslovaco
Assuntos:
Tags: Adicionar Tag
Sem tags, seja o primeiro a adicionar uma tag!

MARC

LEADER 00000naa$a2200000$$$4500
001 0099590
005 20220725110756.8
041 0 |a slo 
044 |a SK 
245 1 0 |a Má hospodársky rast budúcnosť?  |c Michael Spence 
520 |a Normalizácia globálnych pomerov dá dôraz na stabilitu a predchádzanie rizikám. Nové pohľady na finančnú reguláciu. Presun globálnych ťažísk. Zodpovednosť za dohľad nad globálnou ekonomikou prechádza zo skupiny G-8 na skupinu G20. Význam medzinárodnej spolupráce na riešení dôsledkov krízy. 
610 2 0 |a hospodárstvo svetové 
610 2 0 |a kríza 
610 2 0 |a riziko 
610 2 0 |a stabilita hospodárstva 
610 2 0 |a stabilita finančná 
610 2 0 |a globalizácia 
610 2 0 |a regulácia hospodárska 
610 2 0 |a spolupráca medzinárodná 
100 1 |a Spence, Michael